Statistics for Jazz Song to Composer #2

Click here to take the quiz!

General Stats

  • This quiz has been taken 6 times
  • The average score is 6 of 20

Answer Stats

Song NameComposer% Correct
CountdownJohn Coltrane
75%
Bouncing with BudBud Powell
50%
StardustHoagy Carmichael
50%
Ask Me NowThelonius Monk
50%
Song SongBen Wendel
25%
Brother MisterChristian McBride
25%
I've Got You Under My SkinCole Porter
25%
In Your Own Sweet WayDave Brubeck
25%
Nothing PersonalDon Grolnick
25%
Gregory is HereHorace Silver
25%
Delta City BluesMichael Brecker
25%
GondwanaMiles Davis
25%
Song for BilbaoPat Metheney
25%
Spring SongPete McGuiness
25%
RoundaboutRich DeRosa
25%
BeatriceSam Rivers
25%
DedicationThad Jones
25%
GullyismTia Fuller
25%
Twenty Bar TuneTom Harrell
25%
P. BoukYusef Lateef
25%

Score Distribution

Percentile by Number Answered

Percent of People with Each Score

Your Score History

You have not taken this quiz